000 00889nam a22002655i 4500
001 163216
003 ES-MaACL
005 20250904063104.0
008 000824m18991900fr a |||| | fre d
100 1 _9242211
_aReinach, Salomon,
_d1858-1932
_eaut
110 1 _a
_9242208
245 1 0 _aRepertoire des vases peints grecs et étrusques /
_cSalomon Reinach.
260 _aParis :
_bErnest Leroux,
_c1899-1900 (
_fImp. Camis et Cie.)
300 _a2 v. ;
_c19 cm.
504 _aBibliografía.
530 _aDisponible en formato digital el v. 2.
650 _aVasos griegos.
_917750
650 4 _aCerámica griega.
_910894
650 4 _aVasos etruscos.
_9173277
650 4 _aCerámica etrusca.
_9173278
852 _aES-MaACL
_jF-2025-26
856 _uhttps://archive.org/details/rpertoiredesvas01reingoog
_zInternet Archive
942 _2udc
999 _c163216
_d163216